| 000 | 01605nam a2200217Ia 4500 | ||
|---|---|---|---|
| 003 | Ost | ||
| 005 | 20260507075626.0 | ||
| 008 | 260507s9999||||xx |||||||||||||| ||und|| | ||
| 020 | _a9789931782385 | ||
| 040 | _cfsecg | ||
| 041 | _aara | ||
| 082 | _a657.3 | ||
| 100 |
_aشدري، معمر سعاد _eمؤلف |
||
| 245 | 0 |
_aالموازنات التقديرية : _bدروس وتمارين / _c معمر سعاد شدري |
|
| 260 |
_aالجزائر: _bالنشر الجامعي الجديد, _c2021 |
||
| 300 |
_a313 صفحة؛ _bأشكال بيانية، جداول _c24 سم |
||
| 504 | _aمراجع ص.307-313 | ||
| 520 | _aمفاهيم حول الموازنات التقديرية ، كذلك الميزانية المالية، ومكانتها في مراقبة التسييرمع شكل الموازنات التقديرية ومراحل اعدادها ومبادؤها، بالاضافة الى الموازنة التقديرية للمبيعات، تعريفها مع أساليب تقدير موازنة المبيعات، كذلك اعدادها والرقابة على الانحرافات في موازنة المبيعات وتحليلها، بالاضافة الى الموازنة التقديرية للانتاج، مفهومه وعلاقته بموازنة المبيعات، والموازنة التقديرية للتمويناتوالاستثماراتمع الموازنة التقديرية للخزينةمفهومها ومكوناتها والمدة التي تغطيهاوخطوات اعدادها. | ||
| 653 | _aالميزانية- محاسبة | ||
| 942 | _cكتاب | ||
| 999 |
_c45173 _d45173 |
||